Lars von Trier Filmography - Statistics

General Stats
  • This quiz has been taken 29 times
    10 since last reset
  • The average score is 47 of 143
Answer Stats
Type Year Name % Correct
Film Director | Film Screenplay 2013 Nymphomaniac: Vol. I
100%
Film Director | Film Screenplay 2013 Nymphomaniac: Vol. II
100%
Film Director | Film Screenplay 2018 The House That Jack Built
100%
Film Director | Film Screenplay 2000 Dancer in the Dark
89%
Film Director | Film Screenplay 2003 Dogville
89%
Film Cameo | Film Cinematography | Film Director | Film Screenplay 1998 The Idiots
89%
Film Director | Film Screenplay 2009 Antichrist
78%
Film Director | Film Screenplay 1996 Breaking the Waves
78%
Film Cameo | Film Director | Film Screenplay 1991 Europa
78%
Film Director | Film Screenplay 2011 Melancholia
78%
TV Show Acting Role | TV Show Director | TV Show Writer 1994-1997, 2022 The Kingdom
78%
Film Director | Film Screenplay 2005 Manderlay
67%
Film Acting Role | Film Director | Film Screenplay 1984 The Element of Crime
56%
Film Director | Film Screenplay 2003 The Five Obstructions
56%
Film Director | Film Editor | Film Screenplay 1987 Epidemic
44%
TV Film Director | TV Film Screenplay 1988 Medea
44%
Film Director | Film Narrator | Film Screenplay 2006 The Boss of It All
44%
Film Director | Film Production | Film Screenplay TBA After
33%
TV Film Director 2000 D-Day
33%
Film Screenplay 2005 Dear Wendy
33%
Short Film Acting Role | Short Film Director | Short Film Screenplay 1980 Nocturne
33%
Short Film Acting Role | Short Film Director 2007 Occupations
33%
Film Production 2012 A Royal Affair
22%
Film Director | Film Screenplay 1982 Befrielsesbilleder
22%
Short Film Director 1981 Den sidste detalje
22%
Short Film Director | Short Film Screenplay 2010 Dimension 1991-2024
22%
Short Film Cinematography | Short Film Director | Short Film Editor | Short Film Screenplay 1971 En blomst
22%
Short Film Cinematography | Short Film Director | Short Film Editor | Short Film Screenplay 1969 En røvsyg oplevelse
22%
Short Film Cinematography | Short Film Director | Short Film Editor | Short Film Screenplay 1969 Et skakspil
22%
Short Film Director | Short Film Screenplay TBA Études
22%
Short Film Director | Short Film Screenplay 1970 Hvorfor flygte fra det du ved du ikke kan flygte fra? Fordi du er en kujon
22%
TV Mini-Series Production | TV Mini-Series Writer 2004 Kingdom Hospital
22%
TV Show Director | TV Show Writer 1994 Lærerværelset
22%
Short Film Acting Role | Short Film Cinematography | Short Film Director | +2 others 1979 Menthe - la bienheureuse
22%
TV Show Production 1999-2000 Morten Korch - Ved stillebækken
22%
Short Film Cinematography | Short Film Director | Short Film Editor | Short Film Screenplay 1968 Nat, skat
22%
Short Film Acting Role | Short Film Cinematography | Short Film Director | +2 others 1978 Orchidégartneren
22%
Film Narrator | Film Screenplay 2007 The Early Years: Erik Nietzsche - Part 1
22%
Short Film Cinematography | Short Film Director | Short Film Editor | Short Film Screenplay 1967 Turen til Squashland
22%
Film Production 2005 All About Anna
11%
Music Video Director 1989 Bakerman
11%
Music Video Director 1990 Bet It on You
11%
Music Video Director 1992 Change
11%
Adult Film Production 1998 Constance
11%
Music Video Director 1992 Danas Have
11%
TV Film Director 2000 D-Day: Lise
11%
TV Film Director 2001 D-Day: The Finished Film
11%
Music Video Director 1983 Elevator Boy
11%
Short Film Acting Role | TV Show Acting Role 1969 Hemmelig sommer
11%
Adult Film Production 2000 HotMen CoolBoyz
11%
TV Documentary Production 2000 I kajak til verdens ende
11%
Film Production 2000 Italian for Beginners
11%
Film Production TBA Just Like Beauty
11%
TV Show Acting Role | TV Show Writer 2005 Klovn
11%
Music Video Director 1992 Leningrad
11%
Adult Film Production 1999 Pink Prison
11%
Film Screenplay 2011 Selma Jezková
11%
Film Production 2004 South
11%
Film Production 2010 The Erotic Man
11%
Music Video Appearance | Music Video Director 1994 The Shiver
11%
Film Production 2004 Visions of Europe
11%
Music Video Appearance | Music Video Director 1998 You're a Lady
11%
Short Film Director | Short Film Screenplay 2003 Dogville: The Plot
0%
Commercial Directed 1993 Duran
0%
Commercial Directed 1986, 1996 Ekstra Bladet
0%
Film Cameo 1989 En verden til forskel
0%
TV Mini-Series Acting Role 1969 Farvel, jeg hedder Kurt
0%
Short Film Cinematography | Short Film Editor 1970 Hvorfor flygte fra det du ved u ikke kan flygte fra? Fordi du er en kujon
0%
TV Documentary Appearance 1999 I Lars con Triers rige
0%
TV Documentary Appearance 1998 In Laboratorium des Doktor von Trier: Zurück zur Magie des Kinos
0%
Music Video Director 2000 I've Seen It All
0%
Film Acting Role 1980 Kaptajn Klyde og hans vender tilbage
0%
Documentary Appearance 2020 Lars von Trier: The Burden from Donald Duck
0%
TV Show Creator 1996 Marathon
0%
Short TV Documentary Appearance 1991 Portræt: Lars von Trier
0%
Documentary Appearance 1997 Tranceformer - A Portrait of Lars von Trier
0%
TV Documentary Appearance 1991 Triers Element
0%
Documentary Appearance 2000 Von Trier's 100 øjne
0%
No matching quizzes found
Score Distribution
Percent of People with Each Score
Percentile by Number Answered
Your Score History
You have not taken this quiz since the last reset